[Event "Belgrade FIDE GP 2 KO"]
[Site "Belgrade"]
[Date "2022.03.13"]
[Round "2.2"]
[White "Rapport, Richard"]
[Black "Andreikin, Dmitry"]
[Result "1-0"]
[WhiteElo "2762"]
[BlackElo "2724"]
[PlyCount "91"]
[EventDate "2022.03.09"]
[EventType "k.o."]
[EventRounds "6"]
[EventCountry "SRB"]
[SourceTitle "CBM 207"]
[Source "ChessBase"]
[SourceDate "2022.04.30"]
[SourceVersion "1"]
[SourceVersionDate "2022.04.30"]
[SourceQuality "1"]

{[%evp 0,91,23,12,20,0,0,-5,17,0,-3,15,23,23,26,28,36,21,12,-3,-3,0,0,0,0,0,-6,-12,-7,-14,-4,-36,-36,-36,-56,-49,-6,-6,-29,-5,0,0,2,0,0,0,9,0,0,0,0,0,0,0,0,0,0,0,0,0,0,0,0,0,0,0,0,0,0,0,0,0,445,411,435,432,432,432,733,628,733,431,733,733,741,743,743,743,743,743,751,767,29995,29996]} 1. d4 d5 2. c4 e6 3. Nc3 a6 4. cxd5 exd5 5. a3 h6 6. Bf4 ({RR} 6. g3 Nf6 7. Bg2 c6 8. Nf3 Bd6 9. O-O O-O 10. Ne5 Re8 11. f4 Bf5 12. h3 Bh7 13. Kh2 Nbd7 14. e3 Qe7 15. Bd2 Ne4 16. Nxe4 Bxe4 17. Bxe4 dxe4 18. Qb3 Nf6 19. Rae1 Rad8 20. Ba5 Rc8 {Manolache,M (2408)-Eliseev,S (2201) chess.com INT 2025 1-0 (37)}) 6... Nf6 7. e3 c5 8. Be5 $146 ({RR} 8. Nf3 Nc6 9. dxc5 Bxc5 10. Rc1 O-O 11. Nxd5 Nxd5 12. Rxc5 Nxf4 13. Qxd8 Rxd8 14. exf4 Bg4 15. Be2 Re8 16. Kf1 Bxf3 17. Bxf3 Nd4 18. h4 Nxf3 19. gxf3 Rad8 20. Re5 Rxe5 21. fxe5 Rd5 22. f4 Rd4 {Aradhya,G (2339)-Aarav,D (2343) chess.com INT 2023 1-0 (85)}) 8... Be6 9. Nge2 Nc6 10. Nf4 cxd4 11. Bxd4 Nxd4 12. Qxd4 Bd6 13. g3 Rc8 14. Rd1 Qa5 15. Rc1 O-O 16. Nxe6 fxe6 17. Bh3 Kf7 18. O-O Rc4 19. Qd3 Be5 20. Ne2 Rfc8 21. Rxc4 Rxc4 22. b4 Qa4 23. Nf4 Bxf4 24. exf4 Qc6 25. Qe3 Ne4 26. f3 Rc3 27. Qd4 Rc4 28. Qe3 Rc3 29. Qd4 Rc4 30. Qe5 Nd2 31. f5 Nxf1 32. fxe6+ Ke8 33. Qxg7 Qb6+ 34. Kxf1 Rc1+ 35. Ke2 Re1+ 36. Kxe1 Qe3+ 37. Kd1 Qd3+ 38. Kc1 Qe3+ 39. Kb1 Qd3+ 40. Kc1 Qe3+ 41. Kb2 Qd2+ 42. Ka1 Qc1+ 43. Ka2 Qc4+ 44. Kb2 Qe2+ 45. Ka1 Qf1+ 46. Bxf1 1-0

[Event "Dortmund Sparkassen op-A 52nd"]
[Site "Dortmund"]
[Date "2025.08.09"]
[Round "8"]
[White "Bluebaum, Matthias"]
[Black "Kollars, Dmitrij"]
[Result "1/2-1/2"]
[WhiteElo "2660"]
[BlackElo "2644"]
[PlyCount "65"]
[EventDate "2025.08.02"]
[EventType "swiss"]
[EventRounds "9"]
[EventCountry "GER"]
[SourceTitle "Mega2025 Update 41"]
[Source "Chessbase"]
[SourceDate "2025.08.15"]
[SourceVersion "1"]
[SourceVersionDate "2025.08.15"]
[SourceQuality "1"]

{[%evp 0,65,16,16,25,-10,-9,-2,21,19,22,17,44,45,41,37,45,41,35,22,54,25,38,33,30,30,48,25,54,13,40,15,53,50,50,9,89,32,26,30,23,23,23,33,45,53,45,23,21,17,62,18,53,30,30,27,31,33,35,34,19,31,25,0,-6,0,-7,-14]} 1. d4 d5 2. c4 e6 3. Nc3 Be7 4. cxd5 exd5 5. Bf4 c6 6. e3 Bf5 7. Nf3 ({RR} 7. Bd3 Bxd3 8. Qxd3 Nf6 9. Nge2 Nh5 10. Bxb8 Rxb8 11. f3 O-O 12. O-O f5 13. a3 a6 14. b4 Qd7 15. Rae1 Rbe8 16. Nc1 a5 17. bxa5 Bxa3 18. Nxd5 Bxc1 19. Nb6 Qe6 20. Rxc1 Qxe3+ 21. Qxe3 Rxe3 {Nakamura,H (2774)-Ponomariov,R (2754) Saint Louis 2011 ½-½ (51)}) 7... Nd7 8. a3 $146 ({RR} 8. Bd3 Bxd3 9. Qxd3 Nb6 10. O-O Nf6 11. Ne5 O-O 12. Rab1 a5 13. h3 Nfd7 14. Nf3 h6 15. g4 Re8 16. Kg2 Nf8 17. Ne5 Bd6 18. Bg3 Bxe5 19. dxe5 Nc4 20. f4 b5 21. b3 Nb6 22. f5 Nfd7 {Schmidek,E (2402)-Sawlin,L (2385) Berlin 2021 0-1 (39)}) ({RR} 8. h3 h6 9. Bd3 Bxd3 10. Qxd3 Ngf6 11. Rb1 a5 12. O-O O-O 13. Qc2 Re8 14. Rbc1 Bf8 15. a3 Rc8 16. Nd2 b5 17. Rfe1 Nb6 18. Nd1 Re6 19. e4 b4 20. axb4 axb4 21. Nb1 c5 22. dxc5 Bxc5 {Chitlange,S (2215)-Khamdamova,A (2344) Al Ain UAE 2025 0-1}) 8... Ngf6 9. h3 h6 10. g4 Bh7 11. Bd3 Bxd3 12. Qxd3 a5 13. Rg1 b5 14. g5 hxg5 15. Nxg5 Nf8 16. Ne2 Nh5 17. Nf3 Ne6 18. Ne5 Nhxf4 19. Nxf4 Nxf4 20. exf4 Bf6 21. O-O-O Qd6 22. Kb1 Rc8 23. Rc1 Rc7 24. Rg3 Kf8 25. Qd2 a4 26. Rgc3 Bxe5 27. fxe5 Qe6 28. Qg5 Qe7 29. Qg3 Rh6 30. f4 Qe6 31. Qg4 Qxg4 32. hxg4 Rh4 33. Rg3 1/2-1/2

[Event "Qatar Masters op"]
[Site "Doha"]
[Date "2014.12.04"]
[Round "9"]
[White "Ding, Liren"]
[Black "Adhiban, Baskaran"]
[Result "1/2-1/2"]
[WhiteElo "2730"]
[BlackElo "2630"]
[PlyCount "97"]
[EventDate "2014.11.26"]
[EventType "swiss"]
[EventRounds "9"]
[EventCountry "QAT"]
[SourceTitle "CBM 164"]
[Source "ChessBase"]
[SourceDate "2015.01.15"]
[SourceVersion "1"]
[SourceVersionDate "2015.01.15"]
[SourceQuality "1"]
[WhiteClock "1:30:30"]
[BlackClock "1:30:30"]

1. d4 {Krasenkow/Mueller,Ka} d5 2. c4 e6 3. Nc3 c6 4. e4 dxe4 5. Nxe4 Bb4+ 6. Nc3 ({RR} 6. Bd2 Qxd4 7. Bxb4 Qxe4+) 6... c5 7. a3 Ba5 8. Nge2 ({RR} 8. Nf3 Nf6 9. Be3 ({RR} 9. Be2 cxd4 10. Nxd4 Ne4 11. Ndb5 Qxd1+ 12. Bxd1 Nxc3 13. Nxc3 Bxc3+ 14. bxc3 Bd7 15. a4 Bc6 16. O-O Nd7 17. a5 a6 18. Ba3) 9... Nc6 ({RR} 9... Ne4 10. Qc2 Nxc3 11. bxc3 cxd4 12. Bxd4 O-O 13. Bd3 h6 ({RR} 13... g6) 14. O-O Nc6 15. Rab1 Bc7 16. Be4 Qe7 17. Rfe1 Bd6 18. Qa4 Rb8) 10. Qd3 ({RR} 10. dxc5 Bxc3+ 11. bxc3 Qa5 12. Qc2 ({RR} 12. Qc1 e5) 12... Ng4 13. Qc1 O-O 14. Be2 Nxe3 15. Qxe3 Ne7 16. O-O Nf5 17. Qe4 Qxc5) 10... cxd4 11. Nxd4 Ng4 12. O-O-O Nxe3 13. fxe3 Bc7 ({RR} 13... Qe7) 14. Nxc6 ({RR} 14. Ndb5 O-O 15. Qc2 Qe7 16. Nxc7 Qxc7 17. Nb5 Qe5 18. Qf2 f6) 14... bxc6 15. Qxd8+ Bxd8 16. Be2 ({RR} 16. g3 Bg5 17. Bg2 Bxe3+ 18. Kc2 Bd7 19. Rhe1 Bc5 20. Ne4 Be7 21. c5) 16... Ke7 ({RR} 16... Bg5) 17. Bf3 Bd7 18. Ne4 Bb6 ({RR} 18... Bc7 19. Nc5 Be8 20. Na6 Be5 21. Rd3 f5 22. Rb3 Rf8 23. Rb7+ Kf6 24. Nb4) 19. c5 f5 20. cxb6 fxe4 21. b7 Rab8 22. Bxe4 Rxb7 {Carlsen,M (2870)-Anand,V (2775) Chennai 2013 CBM 158 [Krasenkow/Mueller,Ka] 1-0 (58)}) ({RR} 8. Nf3 Nf6 9. Be3 Nc6 10. Qd3 Ng4 11. O-O-O cxd4 12. Nxd4 Nxe3 13. fxe3 O-O 14. Nxc6 bxc6 15. Qe4 Qe7 16. Na4 Rb8 17. Be2 Bc7 18. Qxc6 Bb7 19. Qd7 Qxd7 20. Rxd7 Be5 21. Bf3 Ba6 22. Be2 Rfc8 {Wang,H (2717)-Ding,L (2766) Huaian 2016 1-0 (38)}) 8... cxd4 9. Qxd4 Nf6 ({RR} 9... Qxd4 10. Nxd4 Bxc3+ 11. bxc3 a6 12. Be2 Nf6 13. Be3 Ne4 14. Rc1 O-O 15. f3 Nc5 16. Nf5 exf5 17. Bxc5 Re8 18. Kf2 Bd7 19. Rhd1 Bc6 20. Rd6 Nd7 21. Bd4 Nf8 22. Bd3 g6 23. c5 Ne6 24. Re1 {Pomes Marcet,J (2185)-Ortin Blanco,I (2283) Barcelona ESP 2026 ½-½ (41)}) 10. Qxd8+ $146 ({RR} 10. b4 Nc6 11. Qxd8+ Bxd8 12. Bb2 a5 13. b5 Ne5 14. Nd4 Ned7 15. Na4 Nb6 16. Nxb6 Bxb6 17. Be2 Ne4 18. Bf3 Nc5 19. O-O-O Bd7 20. Rhe1 O-O-O 21. Kc2 f6 22. Bg4 e5 23. Nf5 Kb8 24. f3 h5 {Handke,F (2536)-Shirov,A (2655) Muelheim GER 2024 0-1 (40)}) ({RR} 10. b4 Nc6 11. Qxd8+ Bxd8 12. Bb2 a5 13. b5 Ne5 14. Nd4 Ned7 15. Na4 Nb6 16. Nxb6 Bxb6 17. Be2 Ne4 18. Bf3 Nc5 19. O-O-O Bd7 20. Rhe1 O-O-O 21. Kc2 f6 22. Bg4 e5 23. Nf5 Kb8 24. f3 h5 {Handke,F (2536)-Shirov,A (2655) Muelheim GER 2024 0-1 (40)}) 10... Bxd8 11. h3 O-O 12. Be3 e5 13. g4 Be6 14. Bg2 Nc6 15. b3 h5 16. g5 Nd7 17. O-O-O Bb6 18. Bxb6 axb6 19. Kb2 Na5 20. Nd5 Nc5 21. Nc1 Ncxb3 22. Nxb3 Nxc4+ 23. Kc3 Nxa3 24. Ne7+ Kh7 25. Bd5 Rae8 26. Be4+ g6 27. Kb4 Rxe7 28. Kxa3 f6 29. gxf6 Rxf6 30. f3 Bf5 31. Rd3 Kh6 32. Nd2 Ree6 33. Rc3 Rd6 34. Rh2 b5 35. h4 Rd4 36. Kb2 Rfd6 37. Kc1 Ra4 38. Rc5 Bxe4 39. Nxe4 Ra1+ 40. Kb2 Rda6 41. Rh3 R6a2+ 42. Kb3 Ra3+ 43. Kb4 Re3 44. Ng5 b6 45. Rxb5 Rd1 46. Ka4 Ra1+ 47. Kb4 Rd1 48. Ka4 Ra1+ 49. Kb4 1/2-1/2

[Event "Pamplona 9899 9th"]
[Site "Pamplona"]
[Date "1998.12.29"]
[Round "3"]
[White "Van Wely, Loek"]
[Black "Krasenkow, Michal"]
[Result "1/2-1/2"]
[WhiteElo "2635"]
[BlackElo "2655"]
[PlyCount "61"]
[EventDate "1998.12.27"]
[EventType "tourn"]
[EventRounds "9"]
[EventCountry "ESP"]
[EventCategory "13"]
[SourceTitle "CBM 069"]
[Source "ChessBase"]
[SourceDate "1999.04.01"]
[SourceVersion "1"]
[SourceVersionDate "1999.04.01"]
[SourceQuality "1"]

1. d4 d5 2. c4 e6 3. Nc3 c6 4. e4 dxe4 5. Nxe4 Bb4+ 6. Bd2 Qxd4 7. Bxb4 Qxe4+ 8. Be2 Ne7 9. Qd2 Ng6 ({RR} 9... Nd7 10. O-O-O Ng6 11. Bd6 Nge5 12. Nf3 Nxc4 13. Bxc4 Qxc4+ 14. Kb1 f6 15. Ka1 Kf7 16. h4 Re8 17. h5 b6 18. Rh4 Qd5 19. Qc2 Qf5 20. Qxc6 Rb8 21. Bxb8 Nxb8 22. Qc7+ Nd7 23. Rxd7+ Bxd7 24. Qxd7+ {Ezat,M (2417)-Karavaeva,O (2260) Chess.com INT 2021 1-0 (36)}) 10. Nh3 Na6 11. O-O-O f6 12. Ba3 $146 ({RR} 12. Bd3 Qh4 13. Bxg6+ hxg6 14. Nf4 Kf7 15. g3 Qh6 16. Bd6 e5 17. Ng2 Bg4 18. Ne3 Bxd1 19. Rxd1 Rhd8 20. Qc2 Qh3 21. g4 Qf3 22. c5 Kg8 23. Qxg6 Nb4 24. a3 Qxf2 25. Qe4 Qf4 26. Qxb4 Qxe3+ {Bublei,P (2213)-Novikova,A (2230) Novosibirsk 2009 0-1 (41)}) ({RR} 12. f3 Qe5 13. Bd6 Qh5 14. f4 Qh6 15. Bg4 Qh4 16. Nf2 Kf7 17. g3 Qh6 18. h4 Ne7 19. h5 Rd8 20. Qe2 Re8 21. Rde1 Ng8 22. Bh3 f5 23. Bxf5 Nf6 24. Bc2 e5 25. Qf3 e4 26. Qa3 Bf5 {Kovacs,G (2449)-Lautner,J (2235) Oberwart 2005 ½-½ (42)}) 12... Kf7 13. g4 c5 14. f4 Rf8 15. Rhf1 Kg8 16. Bd3 Qc6 17. Nf2 Rb8 18. h4 e5 19. Bxg6 hxg6 20. fxe5 fxe5 21. b3 Nb4 22. Bxb4 cxb4 23. Qxb4 Be6 24. Rd6 Qg2 25. Qe1 Rbe8 26. Rd2 Qf3 27. Rg1 e4 28. Qxe4 Qc3+ 29. Qc2 Qa1+ 30. Qb1 Qc3+ 31. Qc2 1/2-1/2

[Event "Bundesliga 9900"]
[Site "Germany"]
[Date "1999.11.07"]
[Round "4.1"]
[White "Beliavsky, Alexander G"]
[Black "Khenkin, Igor"]
[Result "1-0"]
[WhiteElo "2618"]
[BlackElo "2633"]
[PlyCount "115"]
[EventDate "1999.10.09"]
[EventType "team-tourn"]
[EventRounds "15"]
[EventCountry "GER"]
[SourceTitle "EXT 2000"]
[Source "ChessBase"]
[SourceDate "1999.11.16"]
[SourceVersion "1"]
[SourceVersionDate "1999.11.16"]
[SourceQuality "1"]
[WhiteTeam "Koenig Plauen"]
[BlackTeam "Tegernsee"]
[WhiteTeamCountry "GER"]
[BlackTeamCountry "GER"]

1. d4 d5 2. c4 e6 3. Nc3 c6 4. Nf3 dxc4 5. Bg5 Qc7 6. g3 Nd7 7. Bg2 Ngf6 8. Nd2 Nb6 9. Bxf6 gxf6 10. O-O h5 $146 ({RR} 10... Be7 11. Rc1 e5 12. d5 Bd7 13. b3 cxd5 14. Nxd5 Nxd5 15. Bxd5 c3 16. Ne4 Rd8 17. Rxc3 Qb6 18. Nd2 Bh3 19. Nc4 Qc5 20. Rd3 Bxf1 21. Kxf1 b5 22. Ne3 Rc8 23. Kg2 Qc1 24. Bc4 Rxc4 25. bxc4 {Shcherbakov,R (2552)-Yashtylov,A (2319) Samara 2000 1-0 (35)}) ({RR} 10... Bg7 11. e3 e5 12. d5 cxd5 13. Nxd5 Nxd5 14. Bxd5 Be6 15. Bxe6 fxe6 16. Qh5+ Qf7 17. Qxf7+ Kxf7 18. Nxc4 Rhd8 19. Rfc1 e4 20. Rc2 Rd7 21. Kf1 Ke7 22. Rac1 f5 23. Ke2 Rc8 24. Na5 Rxc2+ 25. Rxc2 {Gyimesi,Z (2602)-Kosteniuk,A (2490) Moscow 2005 ½-½ (55)}) 11. h4 Be7 12. Rc1 Bd7 13. e3 Rd8 14. Qe2 e5 15. Nxc4 Be6 16. Na5 exd4 17. exd4 Kf8 18. Rfd1 Bb4 19. Nb3 Bg4 20. Bf3 Rg8 21. Bxg4 Rxg4 22. Qf3 Bxc3 23. bxc3 Nc4 24. Re1 Kg7 25. Re4 Rxe4 26. Qxe4 Qd7 27. Nc5 Re8 28. Qf3 Qd5 29. Qxd5 cxd5 30. Nxb7 Re2 31. a4 Ra2 32. Nc5 Nb2 33. Rc2 Ra1+ 34. Kg2 Nxa4 35. Nd3 Ra3 36. Nf4 Nxc3 37. Nxh5+ Kh6 38. Nxf6 a5 39. Rb2 a4 40. Rb6 Rb3 41. Ra6 Kg7 42. h5 a3 43. Ng4 Ne2 44. Ne5 Nxd4 45. h6+ Kh7 46. Nxf7 Nf3 47. Ra8 Nd4 48. Rh8+ Kg6 49. Rg8+ Kxf7 50. h7 a2 51. h8=Q a1=Q 52. Rg7+ Ke6 53. Qh6+ Ke5 54. Qf4+ Ke6 55. Rg6+ Ke7 56. Qd6+ Kf7 57. Rf6+ Kg7 58. Qf8+ 1-0

[Event "EU-chT (Men) 12th"]
[Site "Batumi"]
[Date "1999.12.03"]
[Round "5.1"]
[White "Topalov, Veselin"]
[Black "Lputian, Smbat G"]
[Result "1-0"]
[WhiteElo "2690"]
[BlackElo "2625"]
[PlyCount "75"]
[EventDate "1999.11.06"]
[EventType "team-swiss"]
[EventRounds "9"]
[EventCountry "GEO"]
[SourceTitle "CBM 074"]
[Source "ChessBase"]
[SourceDate "2000.02.01"]
[SourceVersion "1"]
[SourceVersionDate "2000.02.01"]
[SourceQuality "1"]
[WhiteTeam "Bulgaria"]
[BlackTeam "Armenia"]
[WhiteTeamCountry "BUL"]
[BlackTeamCountry "ARM"]

1. c4 e6 2. Nc3 d5 3. d4 Be7 4. cxd5 exd5 5. Bf4 c6 6. Qc2 Nf6 7. e3 Nbd7 8. h3 Nf8 9. Bd3 ({RR} 9. Nf3 Ne6 10. Bh2 O-O 11. Bd3 c5 12. dxc5 Nxc5 13. O-O Be6 14. Rad1 Rc8 15. Qb1 Qb6 16. Rd2 Nxd3 17. Qxd3 Bb4 18. Be5 Ne4 19. Rc2 Bxc3 20. Bxc3 Nxc3 21. bxc3 Bd7 22. Nd4 Qg6 23. Qxg6 hxg6 {Alonso Vargas,D (2157)-Castellanos Gomez,A (2298) Benasque ESP 2026 0-1 (64)}) ({RR} 9. Nf3 Ng6 10. Bh2 Bd6 11. Ne5 O-O 12. f4 c5 13. Bd3 cxd4 14. exd4 Qb6 15. Qf2 Ne4 16. Bxe4 Bxe5 17. dxe5 dxe4 18. Qxb6 axb6 19. O-O Bd7 20. Nxe4 Bc6 21. Nd6 Nh4 22. Rf2 g6 23. Bg3 Nf5 {Bareev,E (2655)-Lputian,S (2595) Yerevan 1996 1-0 (41)}) 9... Ng6 10. Bh2 Bd6 $146 ({RR} 10... Nh4 11. f3 Bd6 12. Bxd6 Qxd6 13. Qf2 Ng6 14. Nge2 O-O 15. O-O b6 16. Rad1 Bb7 17. e4 Qb4 18. e5 Ne8 19. f4 f5 20. Ng3 Bc8 21. Kh2 Qe7 22. Rc1 Bd7 23. Nd1 Qf7 24. Ne3 Ne7 25. Ne2 {Prieto Martin,A (2146)-Sterling Carmona,F (1963) Collado Villalba 2012 1-0 (50)}) ({RR} 10... Bd7 11. Nge2 Qc8 12. O-O b5 13. f3 O-O 14. e4 dxe4 15. fxe4 a6 16. Rf3 Be6 17. Qd2 Qd7 18. Kh1 Rad8 19. Raf1 Qb7 20. g4 Bb4 21. a3 Ba5 22. b4 Bb6 23. Bg1 a5 24. Qc2 a4 25. g5 {Jaeger,A (1958)-Casny,G (1821) Berlin 2018 ½-½ (101)}) 11. Bxd6 Qxd6 12. O-O-O O-O 13. g4 Re8 14. Nge2 Bd7 15. Ng3 Rxe3 16. fxe3 Qxg3 17. e4 dxe4 18. Nxe4 Nxe4 19. Bxe4 Be6 20. Kb1 Rd8 21. Qc5 Qe3 22. Bf5 a6 23. Qb6 Rd7 24. Rhe1 Qf3 25. d5 cxd5 26. Bxe6 fxe6 27. Qxe6+ Qf7 28. Rd4 Qxe6 29. Rxe6 Ne7 30. Rf4 g6 31. Rff6 Kg7 32. Rd6 Rc7 33. Rf2 Nc6 34. Rxd5 Re7 35. a3 h6 36. Rd6 Ne5 37. Re2 Kf7 38. Rb6 1-0

[Event "Leonid Stein Memorial"]
[Site "Lvov"]
[Date "2000.05.18"]
[Round "6"]
[White "Beliavsky, Alexander G"]
[Black "Ivanchuk, Vassily"]
[Result "1/2-1/2"]
[WhiteElo "2640"]
[BlackElo "2709"]
[PlyCount "59"]
[EventDate "2000.05.12"]
[EventType "tourn"]
[EventRounds "10"]
[EventCountry "UKR"]
[EventCategory "17"]
[SourceTitle "CBM 077"]
[Source "ChessBase"]
[SourceDate "2000.07.27"]
[SourceVersion "1"]
[SourceVersionDate "2000.07.27"]
[SourceQuality "1"]

1. d4 d5 2. c4 e6 3. Nc3 c6 4. Nf3 dxc4 5. Bg5 Be7 6. Bxe7 Nxe7 7. e3 ({RR} 7. a4 Nd5 8. e4 Nxc3 9. bxc3 b5 10. axb5 cxb5 11. Qd2 Bb7 12. Qf4 Nd7 13. Be2 Nf8 14. h4 Ng6 15. Qe3 Qf6 16. g3 h6 17. h5 Ne7 18. Rh4 g5 19. hxg6 Nxg6 20. Rh5 a6 21. Rb1 Qe7 {Montano Vicente,G (2034)-Gutman,G (2445) chess.com INT 2025 1-0 (34)}) 7... b5 8. a4 Nd5 9. Be2 Nxc3 $146 ({RR} 9... Nd7 10. O-O a6 11. Ne4 O-O 12. b3 f5 13. Neg5 Qe7 14. Qc1 c3 15. axb5 cxb5 16. Bxb5 Bb7 17. Bc4 h6 18. Nh3 g5 19. Ne1 f4 20. e4 g4 21. exd5 gxh3 22. dxe6 Nb6 23. Qxc3 hxg2 24. Nxg2 {Ivanisevic,I (2655)-Irizanin,R (2321) Kragujevac 2012 1-0 (61)}) 10. bxc3 Nd7 11. Qb1 a6 12. Nd2 Rb8 13. Bf3 c5 14. axb5 axb5 15. dxc5 O-O 16. O-O Nxc5 17. Nxc4 Bb7 18. Ne5 Qc7 19. Bxb7 Qxe5 20. Bf3 Na4 21. c4 bxc4 22. Qc2 Nc3 23. Rfc1 Rb3 24. Ra7 Rd8 25. g3 g6 26. Rb7 Rxb7 27. Bxb7 Rd3 28. Bg2 Nb5 29. Qxc4 Rc3 30. Rxc3 1/2-1/2

[Event "Olympiad-34"]
[Site "Istanbul"]
[Date "2000.11.06"]
[Round "9.1"]
[White "Jussupow, Artur"]
[Black "Ivanchuk, Vassily"]
[Result "1/2-1/2"]
[WhiteElo "2610"]
[BlackElo "2719"]
[PlyCount "50"]
[EventDate "2000.10.28"]
[EventType "team-swiss"]
[EventRounds "14"]
[EventCountry "TUR"]
[SourceTitle "EXT 2001"]
[Source "ChessBase"]
[SourceDate "2000.11.22"]
[SourceVersion "1"]
[SourceVersionDate "2000.11.22"]
[SourceQuality "1"]
[WhiteTeam "Germany"]
[BlackTeam "Ukraine"]
[WhiteTeamCountry "GER"]
[BlackTeamCountry "UKR"]

1. d4 {Sagar,Shah} d5 2. c4 c6 3. Nc3 Nf6 4. e3 e6 5. b3 Bb4 6. Bb2 Ne4 7. Qc2 ({RR} 7. Nge2 Qf6 8. f3 Bxc3+ 9. Bxc3 Nxc3 10. Nxc3 O-O 11. f4 c5 12. cxd5 cxd4 13. Qxd4 Qxd4 14. exd4 exd5 15. Nxd5 Nc6 16. Nc7 Rb8 17. d5 Ne7 18. O-O-O Rd8 19. Bc4 Kf8 20. Rhe1 Bg4 21. Rd2 Rbc8 {Wojtaszek,R (2741)-Giri,A (2793) Baku 2015 CBM 169 [Sagar,Shah] 0-1 (41)}) ({RR} 7. Nge2 c5 8. f3 Nxc3 9. Bxc3 Bxc3+ 10. Nxc3 Qa5 11. Rc1 dxc4 12. Bxc4 cxd4 13. Qxd4 O-O 14. O-O Nc6 15. Qe4 Rd8 16. f4 Bd7 17. Bd3 f5 18. Qf3 Nb4 19. Bb1 Bc6 20. e4 Rd2 21. Qe3 Rad8 {Jussupow,A (2610)-Nielsen,P (2578) Germany 2001 0-1 (59)}) 7... e5 ({RR} 7... O-O 8. a3 Bxc3+ 9. Bxc3 b6 10. Bb2 Bb7 11. Bd3 c5 12. cxd5 exd5 13. Ne2 Nd7 14. f3 Nef6 15. O-O Qe7 16. Qd2 Rfe8 17. Kf2 Rac8 18. Rac1 Qd6 19. Ng3 a6 20. Kg1 g6 21. dxc5 bxc5 22. b4 {Ganepola,T (1924)-Abdukhakimov,A (2217) Waskaduwa 2025 ½-½ (59)}) 8. Bd3 exd4 $146 ({RR} 8... Bf5 9. a3 exd4 10. axb4 dxc3 11. Bxc3 Qg5 12. g3 O-O 13. Nf3 Qh5 14. Nh4 Bh3 15. Bxe4 dxe4 16. Qxe4 Nd7 17. Ng2 Rfe8 18. Nf4 Qg4 19. Qd3 Nf8 20. Qe2 Qxe2+ 21. Kxe2 Ng6 22. Nd3 a6 23. f3 {Alterman,B (2600)-Gelfand,B (2675) Haifa 1998 ½-½}) 9. exd4 Nxc3 10. Bxc3 dxc4 11. Bxb4 Qxd4 12. O-O-O cxd3 13. Qxd3 Qxd3 14. Rxd3 Na6 15. Ba3 c5 16. Ne2 O-O 17. Nf4 Bf5 18. Rd6 Rfe8 19. Rhd1 Be4 20. f3 Bc6 21. h4 Rac8 22. Kb1 h6 23. Bb2 Nc7 24. Rc1 f6 25. Rxc5 Rcd8 1/2-1/2